| 000 | 00918cam a2200253Mu 4500 | ||
|---|---|---|---|
| 005 | 20170712072332.0 | ||
| 008 | 161123s2011 ii a fr 001 0 eng d | ||
| 020 | _a9781349294107 | ||
| 035 |
_a(OCoLC)712015815 _z(OCoLC)821635090 _z(OCoLC)880750624 |
||
| 040 |
_aCO-BoUCM _bspa _cSandra Palacio _dSandra Palacio |
||
| 041 | 0 | _aeng | |
| 100 | 1 |
_aVittori, Jodi _982057 |
|
| 245 | 1 | 0 |
_aTerrorist financing and resourcing _cVittori, Jodi |
| 260 |
_aChennai (India) _bPalgrave Macmillan _c2011 |
||
| 300 |
_a241 páginas _bilustraciones |
||
| 490 | 0 | _aInitiatives in strategic studies: Issues and policies | |
| 504 | _aIncluye referencias bibliográficas e índices | ||
| 650 | 1 | 7 |
_aTerrorismo _xFinanciación _925425 |
| 650 | 2 | 7 |
_aCiencias sociales _910815 |
| 650 | 2 | 7 |
_aTerrorismo _925425 |
| 690 |
_aViolencia _9422 |
||
| 942 |
_2DEWEY _cLIBRORESER _a5 _e1 _h363.325 _mV853tf |
||
| 999 |
_c305104 _d305104 |
||